| 000 | 01145nam1a2200325 i 4500 | ||
|---|---|---|---|
| 001 | RU\NLR\bibl\1378541 | ||
| 005 | 20241214184122.0 | ||
| 010 |
_a978-5-17-013769-5 _bАСТ |
||
| 010 |
_a978-5-271-14324-3 _bАстрель |
||
| 035 | _a(NLR Aleph) 001370642 | ||
| 090 |
_a1039468 _c1039468 |
||
| 100 | _a20090605g20099999u y0rusy50 ca | ||
| 101 | 0 | _arus | |
| 102 | _aRU | ||
| 105 | _a||||j ||||| | ||
| 200 | 1 |
_aРусский язык _eучебник для четырехлетней начальной школы _eв 2 ч. _fЛ. Я. Желтовская |
|
| 205 | _a2-е изд., испр. | ||
| 210 |
_aМосква _cАСТ _cАстрель _d2009 |
||
| 215 | _d27 | ||
| 225 | 1 | _aПланета знаний | |
| 463 | 0 | _10011316158 | |
| 606 | 1 |
_aРусский язык _jУчебники для начальной школы _91533567 _3RU\NLR\auth\66969347 |
|
| 686 | _aШ141.12-922.1[2] | ||
| 700 | 1 |
_aЖелтовская _bЛ. Я. _gЛюбовь Яковлевна _4070 |
|
| 801 | 0 |
_aRU _bNLR _c20090605 _gRCR |
|
| 801 | 1 |
_aRU _bNLR _c20090605 |
|
| 852 |
_aNLR _j2009-7/143 |
||
| 942 | _cBOOK | ||